Χρονολογημένα σύνολα - εργαστήρια : Γ' Επιστημονική συνάντηση για την ελληνιστική κεραμική, 24-27 Σεπτεμβρίου 1991 Θεσσαλονίκη
Αποθηκεύτηκε σε:
| Συλλογικό Έργο: | , , |
|---|---|
| Μορφή: | Πρακτικό Συνεδρίου Βιβλίο |
| Γλώσσα: | Greek English German French |
| Δημοσίευση: |
Αθήναι :
Αρχαιολογική Εταιρεία,
1994
|
| Σειρά: | Βιβλιοθήκη της εν Αθήναις Αρχαιολογικής Εταιρείας ;
; 137 |
| Θέματα: | |
| Ετικέτες: |
Προσθήκη ετικέτας
Δεν υπάρχουν, Καταχωρήστε ετικέτα πρώτοι!
|
MARC
| LEADER | 00000nam a2200000 i 4500 | ||
|---|---|---|---|
| 001 | 1/64545 | ||
| 008 | 071126s1994 gre d | ||
| 020 | |a 960-7034-34-4 | ||
| 022 | |a 11057785 | ||
| 035 | |l 10092562 | ||
| 040 | |a GR-MY-UA |b gre |e aacr | ||
| 041 | 0 | |a gre |a eng |a ger |a fre | |
| 082 | 0 | |a 738.09495 |2 (22) | |
| 111 | 2 | |a Επιστημονική συνάντηση για την ελληνιστική κεραμεική |n 36η : |d 24-27 Σεπτεμβρίου 1991 : |c Θεσσαλονίκη) | |
| 245 | 1 | 0 | |a Χρονολογημένα σύνολα - εργαστήρια : |b Γ' Επιστημονική συνάντηση για την ελληνιστική κεραμική, 24-27 Σεπτεμβρίου 1991 Θεσσαλονίκη / |c [Αριστοτέλειο Πανεπιστήμιο Θεσσαλονίκης] ; [Υπουργείο Πολιτισμού] |
| 246 | 3 | 3 | |a Γ' Επιστημονική συνάντηση για την ελληνιστική κεραμική, 24-27 Σεπτεμβρίου 1991, Θεσσαλονίκη |
| 260 | |a Αθήναι : |b Αρχαιολογική Εταιρεία, |c 1994 | ||
| 300 | |a 2 τ.; |b πιν., εικ., σχ.; |c 28 εκ. | ||
| 490 | 1 | |a Βιβλιοθήκη της εν Αθήναις Αρχαιολογικής Εταιρείας |v ; 137 | |
| 504 | |a Περιλαμβάνει βιβλιογραφίες | ||
| 505 | 0 | |a [Τ.1.] Κείμενα. - [τ.2.] Πίνακες | |
| 650 | 0 | 0 | |a Pottery, Hellenistic |x Congresses. |
| 650 | 0 | 0 | |a Pottery, Greek. |
| 710 | 2 | |a Υπουργείο Πολιτισμού. | |
| 710 | 2 | |a Αριστοτέλειο Πανεπιστήμιο Θεσσαλονίκης. | |
| 830 | 0 | |a Βιβλιοθήκη της εν Αθήναις Αρχαιολογικής Εταιρείας ; |v ; 137 | |
| 852 | |a INST |b RHODES |e 20071126 |h 738.09495 ΕΠΙ |p 005400025541 |q 005400025541 |t BK |y 0 |z τ.2 | ||
| 852 | |a INST |b RHODES |e 20071126 |h 738.09495 ΕΠΙ |p 005400025542 |q 005400025542 |t BK |y 0 |z τ.1 | ||
| 852 | |a INST |b RHODES |e 20071126 |h 738.09495 ΕΠΙ |p 005400025541 |q 005400025541 |t BK |v τ.2: |y 0 |z τ.2 | ||
| 852 | |a INST |b RHODES |e 20071126 |h 738.09495 ΕΠΙ |p 005400025542 |q 005400025542 |t BK |v τ.1: |y 0 |z τ.1 | ||
| 853 | |a INST |b RHODES |h 738.09495 ΕΠΙ | ||
| 901 | |a BIBL4-2007-3 | ||
| 909 | |a Ρ |b 138512 | ||
| 909 | |a Ρ |b 138513 | ||
| 922 | |a 4ΕΛΗ |b 200708 |c ΕΠΕΑΕΚ2/ΤΜΣ |d Σ. ΠΑΤΑΚΗΣ | ||
| 970 | |a ΧΑΡΙΟΠΟΛΙΤΟΥ |b ΚΩΝΣΤΑΝΤΙΝΑ |z 2007/11/26 | ||